000 01019nam a22002657a 4500
005 20240530110857.0
008 150216s2020 ua obf a b 000 0 ara d
017 _a2020/9367
_bمصر . دار الكتب المصرية
020 _a9789779217413
040 _aEG-CaGPL
041 0 _aara
082 0 4 _221
_a962.16
_bق/ج ج
110 0 _aالجهاز القومى للتنسيق الحضارى
245 1 0 _aجزيرة الزمالك :
_bالقيمة والتراث /
_cالجهاز القومى للتنسيق الحضارى
250 _aط1
260 _aالقاهرة :
_bالجهاز القومى للتنسيق الحضارى ،
_c2021
300 _a125 ص :
_bايض ؛
_c24 سم
490 0 _aسلسلة ذاكرة المدينة
650 0 4 _aالمدن المصرية
651 0 4 _aجزيرة الزمالك
_xتاريخ
651 0 4 _aجزيرة الزمالك
_xخرائط
651 0 4 _aجزيرة الزمالك
_xاثار
942 _2ddc
_cBK
999 _c66058
_d66058